000 01116naa a22003137a 4500
001 BR9102042
003 BR-BrBNA
005 20240918180657.0
007 ta
008 230509b bl.||||| |||| 00| 0 por d
040 _aBR-BrBNA
_bpor
_cBiblioteca Nacional de Agricultura
041 _a(Pt)
072 _aL70; F40
_b/G514
_bGZ74
090 _aL70 BR9102042
100 1 _aMarinho Filho, J.S.
100 1 _aReis, M.L.
111 1 _aSimposio sobre Mata Ciliar
_cSao Paulo, SP (Brazil)
_d11-15 Apr 1989
245 1 _aA fauna de mamiferos associada as matas de galeria
260 3 _aCampinas, SP (Brasil):
_c1989.
500 _aBarbosa, L.M. (ed.) Anais do Simposio sobre Mata Ciliar Campinas, SP (Brasil): 1989. p. 43-60 (BR9102042-AM)L70
650 _aMATA CILIAR
650 _aFAUNA
650 _aMAMIFERO
650 _aDISTRIBUICAO GEOGRAFICA
650 _aCERRADO
773 0 _tAnais do Simposio sobre Mata Ciliar
_aBarbosa, L.M. (ed.). Fundacao Cargill, Campinas, SP (Brasil)
_wL70 BR9102042
_gCampinas, SP (Brasil), 1989. p. 43-60
909 _a202404
_bLucia
_c55
_dLucia Elande
942 _cAM
_2AGRIS
999 _c321631
_d321631